La Asturias que venció Roma
Guardat en:
| Autor principal: | |
|---|---|
| Format: | Llibre |
| Idioma: | espanyol |
| Publicat: |
Oviedo, España
Gráficas Summa
1953
|
| Matèries: | |
| Etiquetes: |
Afegir etiqueta
Sense etiquetes, Sigues el primer a etiquetar aquest registre!
|
MARC
| LEADER | 00000nam a2200000 a 4500 | ||
|---|---|---|---|
| 001 | UCO1292 | ||
| 003 | CL-VaPUC | ||
| 005 | 20211015120612.0 | ||
| 008 | 000512e19530000SP |||||||||||||||||spa|d | ||
| 999 | |c 287920 |d 287918 | ||
| 040 | |c Pontificia Universidad Católica de Valparaíso | ||
| 082 | 0 | 4 | |a 936.603 CAB 1953 |2 21 |
| 100 | 0 | |a Cabal, C |e author |9 443269 | |
| 245 | 1 | 3 | |a La Asturias que venció Roma |
| 260 | |a Oviedo, España |b Gráficas Summa |c 1953 | ||
| 300 | |a 419 páginas | ||
| 583 | |a last modification |c 20000512 00:00:00 |k Rodrigo Vera | ||
| 650 | 0 | |a Historia antigua |z ESPAÑA |9 267521 | |
| 650 | 0 | |a Historia de España |9 315435 | |
| 650 | 7 | |a ESPAÑA ROMANA |2 CL-VaPUC |9 443270 |z ASTURIAS | |
| 650 | 0 | |a Ciudades antiguas |z ESPAÑA |z ASTURIAS |9 322407 | |
| 852 | |a BIBCUR | ||
| 942 | |c BK |2 ddc | ||
| 945 | |d 20000512 00:00:00 |a rherrera | ||
| 952 | |0 0 |1 0 |2 ddc |4 0 |6 936_603000000000000_CAB_1953 |7 0 |8 A |9 335013 |a BIBHIS |b BIBHIS |d 2019-11-20 |i 1269321 |o 936.603 CAB 1953 |p 1269321 |r 2025-01-20 |t 1 |w 2019-11-20 |y BK |k HIS | ||